Регионална библиотека "Любен Каравелов" - Русе

Ръководство за семинарни и практически занятия по дидактика (Запис номер 186993)

MARC детайли
000 -Лидер
Контролно поле с фиксирана дължина 01412nam a2200313 c 4500
003 - Код на организацията, давaща контролен номер
Контролно поле BLK
005 - Дата и час на последна редакция
Контролно поле 20180422115516.0
008 - Елементи от данни с фиксирана дължина
fixed length control field 180411b bul|||||r ||||||| ||bul||
010 ## - Наследен системен номер
LC control number KNG00195997000
040 ## - Източник на каталожния запис
Идентификатор на билиотеката - собственик на записа BLK
041 ## - Код за език
Код за езика на текст/звукозапис или на отделно заглавие Български
Код за езика КДБФ Български
080 ## - УДК
Текстов определител УДК Общи въпроси на дидактиката и методиката
УДК код - определител по УДК 37.02
УДК определител (075.8)
УДК - код + определител 37.02(075.8)
100 1# - Редна дума - Автор
Автор Петров, Петър Диков
Авторска отговорност първи автор
R(LIN) 366242
139 ## - Редно поле
Редна дума Петров, Петър Диков и др.
Авторски знак Петро - П 47
245 10 - Сведения за заглавието
Заглавие Ръководство за семинарни и практически занятия по дидактика
Подзаглавни данни За студентите от ВПИ - Благоевград
Редно поле (дума) Петър Диков Петров; съавт. Антоанета Венкова Антонова; съавт. Добринка Лукова Тодорина.
257 ## - Страна на издаване
Страна на създаване/издаване България
260 ## - Област на издателските данни
-- Благоевград
Име на издателя, разпространителя и проч. ВПИ
Година на издаване 1988
300 ## - Физическа характеристика
Страници 232 с.
Размери/Мащаб 21 см
380 ## - Жанр
Жанр Обществени науки
500 ## - Общи забележки
Забележка 785 тир.
650 #4 - Допълнително описание по предмет – тема
Основно описание – тема или топоним Дидактика - учебници за ВУЗ
9 (RLIN) 247958
700 1# - Други автори (авторска отговорност)
Лично име Антонова, Антоанета Венкова
Автороска отговорност (Описва отношението между автора и произведението) съавт.
9 (RLIN) 384474
700 1# - Други автори (авторска отговорност)
Лично име Тодорина, Добринка Лукова
Автороска отговорност (Описва отношението между автора и произведението) съавт.
9 (RLIN) 366962
852 ## - Местоположение
Форматна сигнатура Цб 160154
856 4# - Електронен адрес и достъп
Електронен формат pdf - файл
Път до файла /url/
856 4# - Електронен адрес и достъп
Електронен формат pdf - файл
Път до файла /url/
942 ## - АРТИКУЛИ
Вид на библиотечния материал Книги
Скрит в OPAC Не
944 ## - СЪЗДАВАНЕ И РЕДАКЦИЯ на ЗАПИСА
Създаване/Редакция Създаване
Дата на регистрацията/редакция 14.11.2016
Служител, извършил регистрацията/редакцията Правда_Бадева
944 ## - СЪЗДАВАНЕ И РЕДАКЦИЯ на ЗАПИСА
Създаване/Редакция Редакция
Дата на регистрацията/редакция 14.11.2016
Служител, извършил регистрацията/редакцията Правда_Бадева
999 ## - СИСТЕМНИ КОНТРОЛНИ НОМЕРА
Koha biblionumber 186993
Koha biblioitemnumber 186993
Наличности
Код за отписване Код за изгубен артикул Източник на класификационната схема Код за повреда Коз за рестрикции Код за отдаване Артикулен № Име на библиотеката - собственик Име на библиотеката, в която се намира в момента Статус (Текущо местоположение) Дата на вписване в системата Местоположение - отдел Цена в лева Инвентарен номер Систематично азбучна сигнатура Баркод Номер на екземпляра Цена в евро Служебна бележка Служебен тип на артикула
  Не е изгубен Universal Decimal Classification Не е повреден без рестрикции ползва се в читалня 326135 Регионална библиотека "Любен Каравелов" Русе Регионална библиотека "Любен Каравелов" Русе Хранилище 1988-01-01 Хранилище 0.92 524977 Цб 160154 120000524977 1 0.47 N: стар фонд Дата: 01.01.1988 Книги
Изтеглен Не е изгубен Universal Decimal Classification Не е повреден без рестрикции заемане за дома 326136 Регионална библиотека "Любен Каравелов" Русе Регионална библиотека "Любен Каравелов" Русе Заемна - подръчен фонд 1988-01-01 Заемна - подръчен фонд 0.92 529840 П 37.02/П 47 529840 2 0.47 N: стар фонд Дата: 01.01.1988 Дата инв: 08.02.2018 Бележки инв: П2018 Книги
Vip Innovations Ltd, Rousse, Bulgaria 2025